Desafío social

Saved in:
Bibliografiske detaljer
Hovedforfatter: Kentenich, José (Author)
Format: Bog
Sprog:spansk
Udgivet: Santiago Ediciones Schoenstatt 1996
Udgivelse:1a. ed
Fag:
Tags: Tilføj Tag
Ingen Tags, Vær først til at tagge denne postø!

MARC

LEADER 00000cam a2200000 a 4500
001 UCC6317
003 CL-VaPUC
008 181130e19960000cl |||||||||||||||||spa|d
020 |a 9567598013 
082 0 4 |a 261.1  |b KEN  |2 21 
100 |a Kentenich, José  |e author  |9 393339 
245 1 0 |a Desafío social 
250 |a 1a. ed 
300 |a 347 p 
942 |c BK 
945 |d 20181130 13:53:00  |a dcastane 
260 |a Santiago  |b Ediciones Schoenstatt  |c 1996 
650 0 |a Problemas sociales  |9 258537 
650 0 |a Iglesia Católica  |9 256114 
583 |a last modification  |c 20181130 13:53:00  |k Rodrigo Vera 
999 |c 373266  |d 373264 
952 |0 0  |1 0  |3 erb  |4 0  |6 261_100000000000000_KEN_1996  |7 0  |8 A  |9 491335  |a BIBTEO  |b BIBTEO  |e Precht Pizarro, Jorge Enrique  |i 5519659  |o 261.1 KEN 1996  |p 5519659  |r 2025-01-17  |w 2019-11-24  |y BK  |z Catalogado en:20181130  |k ICR